| 000 | 00494nam a2200169 4500 | ||
|---|---|---|---|
| 999 |
_c15545 _d15545 |
||
| 003 | OSt | ||
| 008 | 190515b ||||| |||| 00| 0 eng d | ||
| 020 | _a9789386546838 | ||
| 082 |
_a664.0284 _bPRA/DR |
||
| 245 | _aDrying technologies for foods : Fundamentals and applications Part 3 | ||
| 260 |
_aNew Delhi _bNew India Publishing Agency _c2018 |
||
| 300 | _a368 p | ||
| 700 |
_aNema , Prabhat K _94023 |
||
| 700 |
_aKaur, Barjinder Pal _94024 |
||
| 700 |
_aMujumdar, Arun S _93309 |
||
| 942 | _cBK | ||